Véronique BU, Le Voyage en Chine de Monsieur de Balzac, foreword by Yves Gagneux, Les Indes savantes, 2023, 250 p. (notice n° 1678219)
[ vue normale ]
| 000 -LEADER | |
|---|---|
| fixed length control field | 00548cam a2200145 4500500 |
| 005 - DATE AND TIME OF LATEST TRANSACTION | |
| control field | 20260308004358.0 |
| 041 ## - LANGUAGE CODE | |
| Language code of text/sound track or separate title | fre |
| 042 ## - AUTHENTICATION CODE | |
| Authentication code | dc |
| 100 10 - MAIN ENTRY--PERSONAL NAME | |
| Personal name | Michelot, Isabelle |
| Relator term | author |
| 245 00 - TITLE STATEMENT | |
| Title | Véronique BU, Le Voyage en Chine de Monsieur de Balzac, foreword by Yves Gagneux, Les Indes savantes, 2023, 250 p. |
| 260 ## - PUBLICATION, DISTRIBUTION, ETC. | |
| Date of publication, distribution, etc. | 2025.<br/> |
| 500 ## - GENERAL NOTE | |
| General note | 1 |
| 786 0# - DATA SOURCE ENTRY | |
| Note | L’Année balzacienne | 26 | 1 | 2025-11-13 | p. 333-335 | 0084-6473 |
| 856 41 - ELECTRONIC LOCATION AND ACCESS | |
| Uniform Resource Identifier | <a href="https://shs.cairn.info/journal-lannee-balzacienne-2025-1-page-333?lang=en&redirect-ssocas=7080">https://shs.cairn.info/journal-lannee-balzacienne-2025-1-page-333?lang=en&redirect-ssocas=7080</a> |
Pas d'exemplaire disponible.




Réseaux sociaux